| 000 | 00781cam a22002294a 4500 | ||
|---|---|---|---|
| 001 | 16014113 | ||
| 005 | 20171222073125.0 | ||
| 008 | 091209s2010 nyua b 001 0 eng | ||
| 010 | _a 2009047301 | ||
| 020 | _a9780312569846 (pbk.) | ||
| 040 |
_aDLC _cDLC _dDLC |
||
| 041 | _aeng | ||
| 080 | _a006.7 CHR | ||
| 082 | 0 | 0 |
_a006.7 CHR _222 |
| 100 | 1 | _a48 | |
| 101 | _aSHK | ||
| 245 | 1 | 4 |
_aThe Yahoo! style guide : _cChris Barr and the senior editors of Yahoo!. |
| 504 | _aIncludes bibliographical references (p. [497]-498) and index. | ||
| 906 |
_a7 _bcbc _corignew _d1 _eecip _f20 _gy-gencatlg |
||
| 942 |
_2ddc _cBK |
||
| 999 |
_c39339 _d39339 |
||